Наш девиз - "АЦБКачество; Стандарты и качество; № 7

التفاصيل البيبلوغرافية
Parent link:Стандарты и качество: научно-технический журнал/ Российская Федерация, Государственный комитет по стандартизации и метрологии (Госстандарт России).— , 1980-.— 0038-9692
№ 7.— 2003.— С. 99
المؤلف الرئيسي: Елькин В. П.
اللغة:الروسية
منشور في: 2003
سلاسل:Путь к успеху: опыт передовых предприятий
الموضوعات:
التنسيق: فصل الكتاب
KOHA link:https://koha.lib.tpu.ru/cgi-bin/koha/opac-detail.pl?biblionumber=459450

MARC

LEADER 00000naa2a2200000 4500
001 459450
005 20231101085139.0
035 |a (RuTPU)RU\TPU\prd\123234 
035 |a RU\TPU\prd\17920 
090 |a 459450 
100 |a 20111021a2003 k y0rusy50 ca 
101 0 |a rus 
102 |a RU 
200 1 |a Наш девиз - "АЦБКачество  |f В. П. Елькин 
225 1 |a Путь к успеху: опыт передовых предприятий 
461 1 |0 (RuTPU)RU\TPU\prd\992  |x 0038-9692  |t Стандарты и качество  |o научно-технический журнал  |f Российская Федерация, Государственный комитет по стандартизации и метрологии (Госстандарт России)  |d 1980- 
463 1 |0 (RuTPU)RU\TPU\prd\123205  |t № 7  |v С. 99  |d 2003 
610 1 |a управление качеством 
610 1 |a система качества 
610 1 |a древесноволокнистые плиты 
610 1 |a целлюлозоно-бумажное производство 
700 1 |a Елькин  |b В. П. 
801 1 |a RU  |b 63413507  |c 20030930  |g PSBO 
801 2 |a RU  |b 63413507  |c 20111021  |g RCR 
942 |c BK